Kebun buah-buahan atuk (Record no. 78792)

MARC details
000 -LEADER
fixed length control field 00814nam a2200277 i 4500
001 - CONTROL NUMBER
control field C2-0270243
003 - CONTROL NUMBER IDENTIFIER
control field PPAK
005 - DATE AND TIME OF LATEST TRANSACTION
control field 20180728000648.0
008 - FIXED-LENGTH DATA ELEMENTS--GENERAL INFORMATION
fixed length control field 060809s2003 my a|||| ||||| | may d
020 ## - INTERNATIONAL STANDARD BOOK NUMBER
International Standard Book Number 9836273697
040 ## - CATALOGING SOURCE
Original cataloging agency PPAK
Language of cataloging eng
Transcribing agency PPAK
Description conventions rda
082 04 - DEWEY DECIMAL CLASSIFICATION NUMBER
Classification number 499.2386
Edition number 23
090 00 - LOCALLY ASSIGNED LC-TYPE CALL NUMBER (OCLC); LOCAL CALL NUMBER (RLIN)
Classification number (OCLC) (R) ; Classification number, CALL (RLIN) (NR) 499.2386
Feature heading AMI
Feature heading K
100 0# - MAIN ENTRY--PERSONAL NAME
Personal name Aminah Awang Besar,
Relator term author
245 10 - TITLE STATEMENT
Title Kebun buah-buahan atuk
264 #1 - PRODUCTION, PUBLICATION, DISTRIBUTION, MANUFACTURE, AND COPYRIGHT NOTICE
Place of production, publication, distribution, manufacture Kuala Lumpur :
Name of producer, publisher, distributor, manufacturer Dewan Bahasa dan Pustaka ,
Date of production, publication, distribution, manufacture, or copyright notice 2003
300 ## - PHYSICAL DESCRIPTION
Extent 24 pages :
Other physical details colour illustrations ;
Dimensions 19 cm
336 ## - CONTENT TYPE
Source rdacontent
Content type term text
337 ## - MEDIA TYPE
Source rdamedia
Media type term unmediated
338 ## - CARRIER TYPE
Source rdacarrier
Carrier type term volume
490 1# - SERIES STATEMENT
Series statement Siri bacaan tadika riang ria
500 ## - GENERAL NOTE
General note Teks dalam tulisan jawi
650 10 - SUBJECT ADDED ENTRY--TOPICAL TERM
Topical term or geographic name entry element Bahasa Malaysia - Readers.
830 #0 - SERIES ADDED ENTRY--UNIFORM TITLE
Uniform title Siri bacaan tadika riang ria
942 ## - ADDED ENTRY ELEMENTS (KOHA)
-- dc
Koha item type Book
Holdings
Withdrawn Not for loan Current library Shelving location Date acquired Full call number Barcode Date last seen Koha item type Total Checkouts Total Renewals Date last checked out
    Perpustakaan Alor Setar Pinjaman Kanak-kanak 06/03/2007 K 499.2386 AMI A01146929 09/05/2018 Book      
    Perpustakaan Alor Setar Pinjaman Kanak-kanak 06/03/2007 K 499.2386 AMI A01146930 09/05/2018 Book      
    Perpustakaan Awam Sungai Petani Pinjaman Kanak-kanak 06/03/2007 K 499.2386 AMI A01146931 09/05/2018 Book      
    Perpustakaan Baling Pinjaman Kanak-kanak 06/03/2007 K 499.2386 AMI A01146937 09/05/2018 Book      
    Perpustakaan Baling Pinjaman Kanak-kanak 06/03/2007 K 499.2386 AMI A01146940 09/05/2018 Book      
    Perpustakaan Bandar Baharu Pinjaman Kanak-kanak 06/03/2007 K 499.2386 AMI A01146938 09/05/2018 Book      
    Perpustakaan Jitra Pinjaman Kanak-kanak 06/03/2007 K 499.2386 AMI A01146932 27/08/2025 Book 1 1 16/07/2025
    Perpustakaan Kulim Pinjaman Kanak-kanak 06/03/2007 K 499.2386 AMI A01146934 09/05/2018 Book      
    Perpustakaan Langkawi Pinjaman Kanak-kanak 06/03/2007 K 499.2386 AMI A01146933 09/05/2018 Book      
    Perpustakaan Yan Pinjaman Kanak-kanak 06/03/2007 K 499.2386 AMI A01146935 09/05/2018 Book